00486nam a2200133 a 450000100100000000500170001000800410002704000250006808200150009311000920010824500250020026000910022530000360031600003010220240304103305.0110429s2001 dr ab 000 0 spa d aDO-SdBNPbspacBNPHU axxxbR426i1 aRepública Dominicana.b Secretaría de Estado de Medio Ambiente y Recursos Naturales10aInventario forestal. aSanto Domingo :bSecretaría de Estado de Medio Ambiente y Recursos Naturales,c2001. a33 p. :bgraf., mapas ;c23 cm.